<?xml version="1.0" encoding="UTF-8"?>
<record
    xmlns:xsi="http://www.w3.org/2001/XMLSchema-instance"
    xsi:schemaLocation="http://www.loc.gov/MARC21/slim http://www.loc.gov/standards/marcxml/schema/MARC21slim.xsd"
    xmlns="http://www.loc.gov/MARC21/slim">

  <leader>05114nam a2200385Ia 4500</leader>
  <controlfield tag="001">dia_5888</controlfield>
  <controlfield tag="003">CHAP</controlfield>
  <controlfield tag="005">20230511130113.0</controlfield>
  <controlfield tag="007">ta</controlfield>
  <controlfield tag="008">220117s2014    -usado fr     001 0 eng d</controlfield>
  <datafield tag="010" ind1=" " ind2=" ">
    <subfield code="a">177074</subfield>
  </datafield>
  <datafield tag="020" ind1=" " ind2=" ">
    <subfield code="a">978-1-4398-9545-0</subfield>
  </datafield>
  <datafield tag="040" ind1=" " ind2=" ">
    <subfield code="c">CHAP</subfield>
    <subfield code="a">mxchpua</subfield>
  </datafield>
  <datafield tag="050" ind1="1" ind2="0">
    <subfield code="a">TP248.65 </subfield>
    <subfield code="b">.E54 2014</subfield>
  </datafield>
  <datafield tag="082" ind1="0" ind2="0">
    <subfield code="a">664 </subfield>
    <subfield code="b">E54 2014</subfield>
    <subfield code="2">20</subfield>
  </datafield>
  <datafield tag="245" ind1="1" ind2="0">
    <subfield code="a">Engineering aspects of food biotecnology /</subfield>
    <subfield code="c">editores Jos&#xE9; A. Teixeira y Ant&#xF3;nio A. Vicente</subfield>
  </datafield>
  <datafield tag="250" ind1=" " ind2=" ">
    <subfield code="a">1a edici&#xF3;n</subfield>
  </datafield>
  <datafield tag="260" ind1=" " ind2=" ">
    <subfield code="a">Boca Raton, FL. :</subfield>
    <subfield code="b">CRC Press,</subfield>
    <subfield code="c">2014</subfield>
  </datafield>
  <datafield tag="300" ind1=" " ind2=" ">
    <subfield code="a">xxi, 463 p&#xE1;ginas :</subfield>
    <subfield code="b">ilustraciones, gr&#xE1;ficas, diagramas, tablas, fotos</subfield>
  </datafield>
  <datafield tag="490" ind1="1" ind2=" ">
    <subfield code="a">Contemporary Food Engineering Series / edici&#xF3;n Da-Wen Sun (CRC)</subfield>
  </datafield>
  <datafield tag="504" ind1=" " ind2=" ">
    <subfield code="a">Incluye bibliograf&#xED;as</subfield>
  </datafield>
  <datafield tag="505" ind1="0" ind2=" ">
    <subfield code="a">Use of Biotechnology in the Development of Food Processes and Products  --
Biotechnology-Derived Enzymes for Food Applications, Philippe Ramos, Ant&#xF3;nio A. Vicente, and Jos&#xE9; A. Teixeira --
Development of Probiotics and Prebiotics, Ernesto Hernandez and Severino S. Pandiella --
Production and Food Applications of Microbial Biopolymers, Filomena Freitas, Vitor D. Alves, Isabel Coelhoso, and Maria A.M. Reis --
Advanced Fermentation Processes, Leona Paulov&#xE1;, Petra Pat&#xE1;kov&#xE1;, and Tom&#xE1;&#x161; Br&#xE1;nyik --
Meet the Stem Cells: Production of Cultured Meat from a Stem Cell Biology Perspective, Bas Brinkhof, Bernard A.J. Roelen, and Henk P. Haagsman --

Advanced Unit Operations in Food Biotechnology --
Membrane Filtration, &#x160;tefan Schlosser --
Chromatography, Katarzyna Wrzosek, &#x141;ukasz Wi&#x15B;niewski, Michal Grambli&#x10D;ka, Monika Anto&#x161;ov&#xE1;, and Milan Polakovi&#x10D; --
Crystallization, Ant&#xF3;nio Ferreira and Fernando Alberto Rocha --
Supercritical Extraction, M. Gabriela Bernardo-Gil --
Innovative Unit Operations, Jane Selia dos Reis Coimbra, Jo&#xE3;o Paulo Martins, and Luiza Helena Meller da Silva --
Process Analytical Technology, Jos&#xE9; A. Teixeira, Ant&#xF3;nio A. Vicente, Fernando Filipe Macieira da Silva, Jo&#xE3;o S&#xE9;rgio Azevedo Lima da Silva, and Rui Miguel da Costa Martins --

Adding Value to Food Processing By-Products&#x2014;The Role of Biotechnology --
Dairy, Carla Oliveira, Luc&#xED;lia Domingues, L&#xED;gia Rodrigues, and Jos&#xE9; A. Teixeira --
Recovery and Biotechnological Production of High-Value-Added Products from Fruit and Vegetable Residues, Elisa Alonso Gonz&#xE1;lez, Ana Torrado Agrasar, Mar&#xED;a Luisa R&#xFA;a Rodr&#xED;guez, Lorenzo Pastrana Castro, and Nelson P&#xE9;rez Guerra --
Valorization and Integral Use of Seafood By-Products, M.E. L&#xF3;pez-Caballero, B. Gim&#xE9;nez, M.C. G&#xF3;mez-Guill&#xE9;n, and P. Montero --
Coffee, Solange I. Mussatto and Jos&#xE9; A. Teixeira --
Beer, Solange I. Mussatto, Nuno G.T. Meneses, and Jos&#xE9; A. Teixeira</subfield>
  </datafield>
  <datafield tag="520" ind1="2" ind2=" ">
    <subfield code="a">Food biotechnology&#x2019;s typical developments and applications have occurred in the fields of genetics and in enzyme- and cell-based biological processes, with the goal of producing and improving food ingredients and foods themselves. While these developments and applications are usually well reported in terms of the underlying science, there is a clear lack of information on the engineering aspects of such biotechnology-based food processes. Filling this gap, Engineering Aspects of Food Biotechnology provides a comprehensive review of those aspects, from the development of food processes and products to the most important unit operations implied in food biotechnological processes, also including food quality control and waste management.

The book focuses on the use of biotechnology for the production of ingredients to be used in the food industry. It addresses two relevant issues&#x2014;consumer&#x2019;s awareness of the relation between nutrition and good health and the importance of environmental sustainability in the food chain (i.e. production of polymers and in vitro meat). A chapter on the application of process analytical technology highlights the importance of this tool for satisfying the increasingly sophisticated and strict polices for quality control and monitoring of specific process phases. The book includes a detailed presentation of relevant unit operations developed to extract/purify the ingredients of biotechnological origin intended for food applications.

In addition to examining the contributions of biotechnology to producing and improving food ingredients, the book provides a concise description of the role biotechnology plays in adding value to food processing by-products, including post-harvest losses, in relevant industries of the food sector. It builds a foundation for further research and development in the food processing industry.</subfield>
  </datafield>
  <datafield tag="650" ind1="1" ind2="3">
    <subfield code="a">Biotecnolog&#xED;a alimentaria  </subfield>
    <subfield code="9">160121</subfield>
  </datafield>
  <datafield tag="650" ind1="1" ind2="7">
    <subfield code="a">Probi&#xF3;ticos</subfield>
    <subfield code="9">91693</subfield>
  </datafield>
  <datafield tag="650" ind1="1" ind2="3">
    <subfield code="a">Food biotechnology</subfield>
    <subfield code="9">160122</subfield>
  </datafield>
  <datafield tag="650" ind1="1" ind2="3">
    <subfield code="a">Probiotics  </subfield>
    <subfield code="9">155251</subfield>
  </datafield>
  <datafield tag="700" ind1="1" ind2=" ">
    <subfield code="a">Teixeira, Jos&#xE9; A.</subfield>
    <subfield code="9">160123</subfield>
    <subfield code="e">editor</subfield>
  </datafield>
  <datafield tag="700" ind1="1" ind2=" ">
    <subfield code="a">Vicente, Ant&#xF3;nio A.</subfield>
    <subfield code="9">160124</subfield>
    <subfield code="e">editor</subfield>
  </datafield>
  <datafield tag="830" ind1=" " ind2=" ">
    <subfield code="9">159943</subfield>
    <subfield code="a">Contemporary Food Engineering Series / edici&#xF3;n Da-Wen Sun (CRC)</subfield>
  </datafield>
  <datafield tag="901" ind1=" " ind2=" ">
    <subfield code="a">664 E54 2014</subfield>
  </datafield>
  <datafield tag="902" ind1=" " ind2=" ">
    <subfield code="a">M</subfield>
  </datafield>
  <datafield tag="905" ind1=" " ind2=" ">
    <subfield code="a">5232272014                          -usdm  8222123322eng16</subfield>
  </datafield>
  <datafield tag="942" ind1=" " ind2=" ">
    <subfield code="c">LIBRO</subfield>
    <subfield code="2">ddc</subfield>
  </datafield>
  <datafield tag="999" ind1=" " ind2=" ">
    <subfield code="c">177074</subfield>
    <subfield code="d">177074</subfield>
  </datafield>
  <datafield tag="952" ind1=" " ind2=" ">
    <subfield code="0">0</subfield>
    <subfield code="1">0</subfield>
    <subfield code="2">ddc</subfield>
    <subfield code="4">0</subfield>
    <subfield code="5">1</subfield>
    <subfield code="7">0</subfield>
    <subfield code="8">GRAL</subfield>
    <subfield code="a">IA_</subfield>
    <subfield code="b">IA_</subfield>
    <subfield code="d">2014-04-02</subfield>
    <subfield code="e">Compra </subfield>
    <subfield code="i">C/e</subfield>
    <subfield code="l">0</subfield>
    <subfield code="o">664  E54 2014</subfield>
    <subfield code="p">1102009219</subfield>
    <subfield code="r">2022-01-18 00:00:00</subfield>
    <subfield code="t">Ej. 1</subfield>
    <subfield code="w">2022-01-18</subfield>
    <subfield code="y">LIBRO</subfield>
  </datafield>
  <datafield tag="952" ind1=" " ind2=" ">
    <subfield code="0">0</subfield>
    <subfield code="1">0</subfield>
    <subfield code="2">ddc</subfield>
    <subfield code="4">0</subfield>
    <subfield code="5">5</subfield>
    <subfield code="7">0</subfield>
    <subfield code="8">GRAL</subfield>
    <subfield code="a">IA_</subfield>
    <subfield code="b">IA_</subfield>
    <subfield code="d">2019-11-28</subfield>
    <subfield code="e">Compra Librer&#xED;a UACh F. 39695</subfield>
    <subfield code="i">Consumo</subfield>
    <subfield code="l">0</subfield>
    <subfield code="o">664  E54 2014</subfield>
    <subfield code="p">1102014749</subfield>
    <subfield code="r">2023-05-11 00:00:00</subfield>
    <subfield code="t">Ej. 2</subfield>
    <subfield code="w">2023-05-11</subfield>
    <subfield code="y">LIBRO</subfield>
  </datafield>
  <datafield tag="952" ind1=" " ind2=" ">
    <subfield code="0">0</subfield>
    <subfield code="1">0</subfield>
    <subfield code="2">ddc</subfield>
    <subfield code="4">0</subfield>
    <subfield code="5">5</subfield>
    <subfield code="7">0</subfield>
    <subfield code="8">GRAL</subfield>
    <subfield code="a">IA_</subfield>
    <subfield code="b">IA_</subfield>
    <subfield code="d">2019-11-28</subfield>
    <subfield code="e">Compra Librer&#xED;a UACh F. 39695</subfield>
    <subfield code="i">Consumo</subfield>
    <subfield code="l">0</subfield>
    <subfield code="o">664  E54 2014</subfield>
    <subfield code="p">1102014750</subfield>
    <subfield code="r">2023-05-11 00:00:00</subfield>
    <subfield code="t">Ej. 3</subfield>
    <subfield code="w">2023-05-11</subfield>
    <subfield code="y">LIBRO</subfield>
  </datafield>
</record>
